000
00327nam a2200121Ia 4500
008
230524s9999 xx 000 0 und d
100
_a
Poornima M Charantimath
245
0
_a
Entrepreneurship Development Small Business Enterprises
260
_b
Pearson
500
_a
Quantity Number: 95
650
_a
Management
942
_c
BK
999
_c
49652
_d
49652